| 000 | 00683nam a22002177a 4500 | ||
|---|---|---|---|
| 999 |
_c192811 _d192811 |
||
| 005 | 20221006112750.0 | ||
| 010 | _aB-745930 | ||
| 020 |
_a9788195021727 _c50.00 |
||
| 035 | _aB-745930 | ||
| 037 | _bSahitya Akademi | ||
| 082 | _a921 | ||
| 100 | _aDutta, Chandana | ||
| 245 |
_aMakers of Indian Literature Joginder Poul/ _cChandana Dutta |
||
| 250 | _a1st | ||
| 260 |
_aNew Delhi _bSahitya Akademi _c2021 |
||
| 270 |
_aRabindra Bhavan, 35, Ferozeshah Road, _bNew Delhi _e110001 |
||
| 300 |
_a105p. _c22cm (pbk) |
||
| 700 | _aRabbani, Zahir Abu | ||
| 942 |
_2ddc _cEN _mDUT _h921 |
||